000 00438nam a22001577a 4500
003 macl
005 20240521131941.0
008 240521b |||||||| |||| 00| 0 eng d
040 _cmacl
082 _a398
100 _aSanjay Gupta
_982389
245 _a Prelims Exam Mirror Unit Tribes Madhya Pradesh heritage Folk Culture &Folk Literature
260 _aGwalior
_bNirman IAS
_c2024
650 _aFolk LIterature
942 _2ddc
_cC. BOOKS
999 _c66887
_d66887